000 00645nam a22002417a 4500
003 OSt
005 20140310183023.0
008 130215t xxu||||| |||| 00| 0 eng d
020 _a978-971-8984-13-0
050 _aBF 561
_b.T161 2006
082 _aFIL 361.3
_bT15 2006
245 _aHeart sense :
_c Tan, Earnest L.
_byour guide to emotional wellness
260 _aQuezon City
_b Spiritus Works Pub.
_c 2006
300 _a251 p.
_c23 cm.
521 _acollege students
526 _c1210L-1700L
541 _i1
541 _j2
541 _j3
541 _j4
562 _e4
942 _2lcc
_cBK
_kFIL
999 _c18393
_d18393